000 00369nam a2200145Ia 4500
008 200103s9999||||xx |||||||||||||| ||und||
020 _a8185618089,
040 _aIMU-MPC
082 _aColumn-50
100 _aHorowitz, Paul and Hill, Winfield
245 4 _aThe atr of Electronics
260 _bCambridge University Press
_c1994
300 _axxiii, 1125
942 _cBK
999 _c9761
_d9761